01723cam a2200325 a 45000010005000000030006000050050017000110080041000280100017000690200038000860200018001240200035001420200044001770200041002210400023002620420008002850500022002930820017003151000023003322450098003552600070004533000023005235040064005465050252006105200404008626500025012666500048012916500031013397000027013702648FISKH20240108143756.0060530s2007 dcua b 001 0 eng  a 2006017695 a9781601270009 (pbk. : alk. paper) a9781601270009 a1601270003 (pbk. : alk. paper) a9781601270016 (hard cover : alk. paper) a1601270011 (hard cover : alk. paper) aDLCcDLCdDLCbeng apcc00aJZ6374b.G85 200700a341.5/84222 aPerito, Robert M. 00aGuide for participants in peace, stability, and relief operations /cedited by Robert Perito. aWashington, D.C. :bUnited States Institute of Peace Press,c2007 a379 pages :c21 cm aIncludes bibliographical references (p. 313-325) and index.0 aInternational organizations : profiles of major international organizations -- Nongovernmental organizations -- Civilian agencies of the U.S. government -- The United States military : the United States military in relief and stability operations. a"The Guide is based on experience gained in Afghanistan, Iraq and many other operations. It will help those in the field to quickly understand their environment, counterparts, and challenges. The Guide updates the Institute's successful Guide to IGOs, NGOs and the Military in Peace and Relief Operations. It combines the knowledge and perspectives of many contributing organizations."--BOOK JACKET. 0aPeacekeeping forces. 0aDisaster reliefxInternational cooperation. 0aInternational cooperation.1 aPerito, Robert,d1942-